Landen van Afrika per gebied - Statistieken

Algemene statistieken
  • Deze quiz is 62 keer genomen
  • De gemiddelde score is 44 van 54
Antwoordstatistieken
rang land % Correct
18 Marokko
96%
12 Egypte
91%
32 Ghana
91%
9 Zuid-Afrika
91%
1 Algerije
89%
27 Congo
89%
2 Dem Rep Congo
89%
4 Libië
89%
34 Senegal
89%
6 Niger
87%
13 Tanzania
87%
7 Angola
85%
28 Côte d'Ivoire
85%
37 Eritrea
85%
48 Eswatini
85%
43 Lesotho
85%
22 Madagaskar
85%
15 Namibië
85%
14 Nigeria
85%
3 Soedan
85%
35 Tunesië
85%
17 Zambia
85%
38 Benin
83%
50 Cabo Verde
83%
49 Gambia
83%
8 Mali
83%
46 Rwanda
83%
45 Burundi
81%
10 Ethiopië
81%
11 Mauritanië
81%
16 Mozambique
81%
33 Oeganda
81%
26 Zimbabwe
81%
31 Guinee
79%
25 Kameroen
79%
24 Kenia
79%
54 Seychellen
79%
20 Somalië
79%
41 Togo
79%
19 Zuid-Soedan
79%
30 Gabon
77%
5 Tsjaad
77%
23 Botswana
74%
29 Burkina Faso
74%
21 Centraal-Afrikaanse Republiek
74%
51 Comoren
74%
44 Equatoriaal-Guinea
74%
52 Mauritius
74%
47 Djibouti
72%
42 Guinee-Bissau
72%
39 Liberia
72%
53 Sao Tome en Principe
72%
40 Sierra Leone
72%
36 Malawi
70%
Geen overeenkomende quizzen gevonden
Scoreverdeling
Procent van Mensen met Elke Score
Percentiel versus Aantal Correcte Antwoorden
Uw Scoregeschiedenis
U heeft deze quiz nog niet genomen